000 00602nam a2200229Ia 4500
001 dia_7002
003 CHAP
008 220117s1969 xx 000 0 und d
010 _a178460
040 _cCHAP
090 _aF 357 1969
110 _aFAO
_939428
245 _aInforme del sétimo periodo de sesiones del Comité coordinador para Europa /
_c FAO-OMS
260 _aAustria :
_b FAO :,
_b OMS,
_c1969
300 _aca. 60 p.
901 _aF 357 1969
902 _aM
905 _a0000001969 au 0000000000SPA00
942 _c12
942 _c12
999 _c178460
_d178460